00751nam a22001937a 450000500170000001000150001702000270003202000240005903500130008303700130009608200080010910001190011724501640023626000390040027000480043930000260048750000190051370000250053220100816162421.0 aENG-100647 a9798184240893c2550.00 a8184242899c2550.00 aEN-84180 bDBAD/PUB a004 aEmerging Principles and Practices of Computer Science and Information technology (Ludhiana: 18th-19th August 2006) aNational conference on emerging principles and practices of computer science and information technology (EPPCSIT'06) /cedited by Amandeep Kaur Sohal...[et.al] aNew DelhibAllied Publishersc2006 aA-104 Mayapuri, Phase IIbNew Delhie110064 axxiv,497p.c28cm (Hb) aIncludes index aSohal, Amandeep Kaur